Представление документа в формате RUSMARC

ПолеНазваниеЗначение
  Тип записи a
  Библиографический уровень a
001 Контрольный номер RU/CBS_UL/BASE/666644048
005 Дата корректировки 20240209175258.8
100 Данные общей обработки __
a Данные общей обработки 20210214d2021 ||| 0rusy0189 ca
101 Язык документа 0_
a Язык текста rus
102 Страна публикации __
a Страна публикации RU
105 Кодированные данные (монография) __
a Кодированные данные (монография) y###||||000|y
181 Поле кодированных данных: вид содержания _1
a Код вида содержания (ISBD) i#
b Код характеристики содержания (ISBD) #xxe##
d i
g x
h x
i e
2 Код системы (источник кода, отличный от ISBD) isbdcontent
182 Поле кодированных данных: тип средства _1
a Код типа средства (ISBD) n
2 Код системы (источник кода, отличный от ISBD) isbdmedia
200 Заглавие и сведения об ответственности 1_
a Заглавие Не просто перекос, это интеллектуальная катастрофа
b Общее обозначение материала Текст
e Сведения, относящиеся к заглавию [об издательстве "Книжники"]
f Первые сведения об ответственности Б. Горин
w Текст (визуальный) : непосредственный
203 Вид содержания и тип средства __
a Вид содержания Текст
b Характеристика содержания визуальный
c Тип средства непосредственный
320 Библиография __
a Библиография Библиогр.: с. 28-30.
333 Примечание о целевом назначении __
a Примечание о целевом назначении 16+
461 Уровень набора _0
1 2000
a Читаем вместе
463 Уровень физической единицы _0
1 001RU/CBS_UL/BASE/666383925
1 2000
a № 1-2
v С. 28-30.
1 210
d 2021
606 Тематические рубрики 0_
a Основная рубрика "Книжники" - Издательство
610 Ключевые слова 0_
a Ключевые слова книжное дело
a Ключевые слова издательства
a Ключевые слова Книжники (издательства)
a Ключевые слова книги
a Ключевые слова еврейская литература
686 Индексы других классификаций __
a Классификационный индекс 76.17
2 Код системы rubbk
700 Автор _1
a Фамилия Горин
b Имя (инициалы) Б.
801 Источник записи _0
a Страна RU
b Организация МБУК ЦБС г. Ульяновска
c Дата составления 20210214
g Правила каталогизации RCR
801 Источник записи _1
a Страна RU
b Организация МБУК ЦБС г. Ульяновска
c Дата составления 20210214
g Правила каталогизации RCR
901 Тип документа __
t Тип документа b
w Контрольный № источника RU/CBS_UL/BASE/666383925
910 Корректоры записи __
a Корректор записи Библиотека 8
938 Служебная информация __
a Имя БД period